[Event "Match Czechia vs Poland 2020"]
[Site "Zlin"]
[Date "2020.09.18"]
[Round "5.3"]
[White "Nguyen, Thai Dai Van"]
[Black "Sadzikowski, Daniel"]
[Result "1-0"]
[WhiteElo "2569"]
[BlackElo "2527"]
[Annotator "TA"]
[PlyCount "111"]
[EventDate "2020.09.14"]
[EventType "schev"]
[EventCountry "CZE"]
[SourceTitle "playchess.com"]
[Source "ChessBase"]
[SourceQuality "1"]
[WhiteTeam "Czech Republic"]
[BlackTeam "Poland"]
[WhiteTeamCountry "CZE"]
[BlackTeamCountry "POL"]

{[%evp 11,111,15,2,0,3,12,11,21,13,10,16,0,13,0,22,0,13,-14,0,0,26,21,44,32,56,55,29,31,79,68,79,78,78,78,78,78,71,77,113,107,125,137,126,119,123,131,121,138,132,130,129,99,129,110,112,106,113,107,148,89,112,102,95,0,103,103,103,103,95,102,91,106,97,95,217,206,191,139,155,166,183,185,296,303,311,310,834,686,977,970,966,935,958,947,933,836,1198,679,639,412,746,273]} 1. d4 Nf6 2. c4 e6 3. Nc3 Bb4 4. e3 O-O 5. Bd3 d5 6. Nf3 b6 7. cxd5 {E52: Nimzo-Indian: Rubinstein: 4...0-0 5 Nf3 d5 6 Bd3 b6.} exd5 8. O-O Ba6 9. Bxa6 {The position is equal.} Nxa6 10. Bd2 $1 {[%mdl 4] now scores much better than the old 10.Qa4.} Qc8 11. Rc1 Qb7 12. a3 Be7 {[#]} 13. Qb3 $5 $146 {[%mdl 8] An interesting novelty.} ({Predecessor:} 13. b4 c6 14. Ne5 Rac8 15. Qf3 Nc7 16. Rc2 Nb5 17. Nb1 Rc7 18. Rfc1 Rfc8 19. Be1 {0-1 (48) Szabo,G (2541)-Deac,B (2575) Olanesti 2018}) 13... Rac8 14. Rc2 c6 15. Ne2 Rb8 16. Rfc1 $36 {[%mdl 2048] White is more active.} c5 17. dxc5 bxc5 18. Qxb7 Rxb7 19. Bc3 Nc7 20. Bxf6 $1 Bxf6 21. Rxc5 Ne6 22. Rxd5 Bxb2 23. Rb1 Rfb8 24. a4 a6 25. g3 Bf6 26. Rxb7 Rxb7 27. Rd6 Nc5 28. Rc6 {Rc8+ would kill now.} Be7 29. Nc3 Bf8 30. Nd4 g6 31. h4 h5 32. a5 Rb2 33. Nf3 Rb3 34. Nd5 Rb5 {[#]} 35. Nf6+ (35. Ng5 $142 $1) 35... Kg7 $16 36. Ne8+ Kg8 37. Nf6+ Kg7 38. Ng5 Be7 {[#]} 39. Ne8+ $1 Kf8 40. Rc8 Rxa5 41. Nd6+ $1 Kg7 42. Ndxf7 Ne6 {A mistake that costs the game.} (42... Rb5 $16 {might work better.}) 43. Nxe6+ $18 Kxf7 {[%mdl 4096] Endgame KRB-KRN} 44. Nd4 (44. Rc6 $18) 44... Bf6 45. Rc7+ Kg8 46. Ne6 Rb5 (46... Ra1+ $142 47. Kg2 a5) 47. Nf4 Be5 48. Rc6 Bxf4 $2 (48... a5 49. Nxg6 Bb8) 49. gxf4 {KR-KR} ({Weaker is} 49. exf4 Rb1+ 50. Kh2 Kf7 $18) 49... Kf7 50. Rxa6 Rc5 51. Kg2 Rc1 52. Ra7+ Kf6 53. e4 Re1 54. e5+ Kf5 55. Kf3 {Intending Ra6 and mate.} Rh1 (55... Ke6 $142 56. Rg7 Rg1) 56. Rf7+ {Accuracy: White = 87%, Black = 62%.} 1-0

[Event "Match Czechia vs Poland 2020"]
[Site "Zlin"]
[Date "2020.09.18"]
[Round "5.4"]
[White "Krejci, Jan"]
[Black "Janik, Igor"]
[Result "1/2-1/2"]
[WhiteElo "2543"]
[BlackElo "2470"]
[Annotator "TA"]
[PlyCount "100"]
[EventDate "2020.09.14"]
[EventType "schev"]
[EventCountry "CZE"]
[SourceTitle "playchess.com"]
[Source "ChessBase"]
[SourceQuality "1"]
[WhiteTeam "Czech Republic"]
[BlackTeam "Poland"]
[WhiteTeamCountry "CZE"]
[BlackTeamCountry "POL"]

{[%evp 14,100,-10,-8,0,0,0,0,0,0,8,-7,6,-8,16,15,15,7,35,21,23,25,26,14,28,23,31,18,28,19,21,9,18,0,11,6,16,0,0,0,0,-14,-4,-11,-11,-189,-184,-202,-62,-50,-42,-47,-10,-15,-10,-11,-11,-18,-25,-24,-24,-51,-50,-69,-77,-61,0,0,0,0,0,0,0,0,0,0,0,0,0,0,0,0,0,0,0,0,0,0,0]} 1. d4 Nf6 2. c4 e6 3. Nc3 Bb4 4. e3 O-O 5. Bd3 d5 6. cxd5 exd5 7. Nge2 Re8 8. O-O b6 {E48: Nimzo-Indian: Rubinstein: 5 Bd3 d5 including 6 Ne2, but excluding 6 a3.} 9. a3 Bf8 10. b4 c6 {[#]} 11. Rb1 $146 ({Predecessor:} 11. Re1 a5 12. Rb1 axb4 13. axb4 Nbd7 14. b5 c5 15. Nf4 Bb7 16. Bc2 Bd6 17. dxc5 Nxc5 {½-½ (59) Kunze,C (2235)-Schuetze,N (2282) Germany 2017}) 11... Ba6 12. b5 cxb5 13. Nf4 Bd6 14. Nh5 Nbd7 15. Nxb5 Bb8 16. Nxf6+ (16. Bd2 {is more complex.} Bb7 17. a4 a6 18. Nc3 Nxh5 19. Qxh5 g6 20. Qe2) 16... Nxf6 17. f3 Bb7 {...a6 is the strong threat.} 18. Bd2 Re6 19. a4 Nh5 20. f4 Nf6 21. Nc3 Bc6 22. Qc2 Qe8 23. Kh1 Bd6 24. Nb5 {[#] Threatens to win with f5.} Bxb5 25. axb5 Rc8 26. Qb3 Re7 27. h3 g6 28. Rbe1 Rec7 29. Rc1 $2 (29. Ra1 $11) 29... Rxc1 $19 30. Bxc1 {[#]} Ne4 (30... Rxc1 $1 $19 {[%mdl 512]} 31. Rxc1 Qxe3 {[%mdl 64] Double Attack}) 31. Kh2 $15 Rc3 32. Qd1 $1 Qe6 33. Bb2 {Hoping for Bxe4.} Rc7 34. Qe2 Re7 35. Bc1 h5 36. Qf3 Rc7 {[%cal Be7c7,Bc7c3,Bc3b3][%mdl 32]} 37. Rd1 Rc3 38. Bb2 Rb3 39. Qe2 Nc3 (39... Qe7 $15) 40. Bxc3 $1 $11 {The position is equal.} Rxc3 41. Kh1 Ba3 42. Kg1 Bc1 43. Kf2 $1 Qe7 44. Qf3 Qa3 45. Qe2 Kg7 46. Kf3 Rb3 47. Qc2 Rc3 48. Qe2 h4 49. Qf1 Rb3 50. Qe2 Rc3 {Accuracy: White = 92%, Black = 87%.} 1/2-1/2

[Event "Match Czechia vs Poland 2020"]
[Site "Zlin"]
[Date "2020.09.18"]
[Round "5.5"]
[White "Stocek, Jiri"]
[Black "Teclaf, Pawel"]
[Result "1/2-1/2"]
[WhiteElo "2595"]
[BlackElo "2464"]
[Annotator "TA"]
[PlyCount "52"]
[EventDate "2020.09.14"]
[EventType "schev"]
[EventCountry "CZE"]
[SourceTitle "playchess.com"]
[Source "ChessBase"]
[SourceQuality "1"]
[WhiteTeam "Czech Republic"]
[BlackTeam "Poland"]
[WhiteTeamCountry "CZE"]
[BlackTeamCountry "POL"]

{[%evp 9,52,36,26,16,28,21,11,13,68,72,71,63,85,73,76,79,77,54,108,116,138,138,141,134,378,108,99,67,77,83,69,58,156,158,264,0,0,0,0,0,7,5,20,11,11]} 1. d4 e6 2. c4 b6 3. a3 g6 4. Nc3 Bg7 5. e4 Ne7 6. Nf3 {A40: Unusual replies to 1 d4.} O-O 7. Bd3 d5 8. O-O Bb7 {[#]} (8... Nbc6 $11) 9. exd5 $146 ({Predecessor:} 9. cxd5 exd5 10. e5 c5 11. Bg5 Nbc6 12. Re1 h6 13. Bh4 c4 14. Bc2 Bc8 15. Re3 {1-0 (40) Nippula,T (2224)-Kengis,E (2572) Jyvaskyla 2001}) 9... exd5 10. Bg5 dxc4 11. Bxc4 Nd7 12. Re1 Bf6 {Hoping for ...Bxf3.} 13. Bf4 c5 ({Black should try} 13... Rc8 $14) 14. Bh6 $16 Bg7 15. Bxg7 Kxg7 16. dxc5 {And now Qd4+ would win.} bxc5 $2 (16... Nf5 $16) 17. Bb5 $2 (17. Ng5 $1 $18 {and the rest is easy.}) 17... Nc6 18. Ne4 Qb6 19. Qxd7 Rad8 20. Qg4 {Strongly threatening Bxc6.} Qxb5 {[#]} (20... Nd4 $1 $14) 21. Qf4 $1 $36 {[%mdl 2048] White is in control.} Qb6 {[#]} (21... Ba8 $16 {was necessary.} 22. a4 Qxb2) 22. Qf6+ $2 (22. Nfg5 $1 $18) 22... Kg8 $11 {The position is equal.} 23. Rad1 Rxd1 24. Rxd1 {Rd6 is the strong threat.} Nd4 $1 25. Nxd4 {aiming for Qxb6.} Bxe4 26. Qxb6 $1 axb6 {Accuracy: White = 74%, Black = 53%.} 1/2-1/2